|
|
|
|
| LEADER |
00895cam a2200253 7i4500 |
| 001 |
0000069651 |
| 005 |
20220707090000.0 |
| 020 |
|
|
|a 9780128191347
|
| 090 |
0 |
0 |
|a HE571
|b .M37 2019
|
| 245 |
0 |
0 |
|a Maritime transportation and regional sustainability
|c edited by Adolf Ng, Jason Monios, Changmin Jiang.
|
| 264 |
|
|
|a Waltham:
|b Elsevier,
|c 2019.
|
| 300 |
|
|
|a 1 online resource (xxiii, 345 pages):
|b charts, text file, PDF.
|
| 336 |
|
|
|a text
|2 rdacontent
|
| 337 |
|
|
|a computer
|2 rdamedia
|
| 338 |
|
|
|a online resource
|2 rdacarrier
|
| 650 |
|
0 |
|a Shipping --
|x Environmental aspects
|
| 650 |
|
0 |
|a Sustainable development
|
| 655 |
|
0 |
|a Electronic books
|
| 700 |
1 |
|
|a Ng, Adolf
|
| 700 |
1 |
|
|a Monios, Jason
|
| 700 |
1 |
|
|a Jiang, Changmin
|
| 856 |
4 |
2 |
|u http://library.unisel.edu.my/web/guest/mylibrary
|
| 997 |
|
|
|a Business & Accountancy, Faculty
|
| 999 |
|
|
|a EBO0013303
|b EBOOK
|c EBOOK
|e Electronic resources
|